000 00579nam a2200217Ia 4500
001 48842
005 20240114003925.0
007 ta
008 090521s1963 g b000 u u
040 _aCotton College,Assam
082 _a891.2
_bKr 89 Va
100 _aKrishnomoorthy, K .
245 0 _aVadiraja`s Yasodharacharita /
_cK Krishnamoorthy.
_hTextual Documents
250 _a1st ed /
260 _aDharwar :
_bKarnatk University ,
_c1963.
300 _a232 p ;
_c23 cm.
653 _aSanskrit
942 _2ddc
_cBK
999 _c48807
_d48807